|
|
|
|
| LEADER |
00000nam a2200000 a 4500 |
| 001 |
vtls008294820 |
| 003 |
SK-MaSNL |
| 005 |
20260301164423.0 |
| 008 |
240801s2004 sz a b 000 j ger |
| 015 |
|
|
|a SNBZSA2005-00313
|
| 020 |
|
|
|a 3314217498
|q (viaz.)
|
| 035 |
|
|
|a 7AD319F1-DAC1-4C99-87B5-42266C2AE354
|
| 035 |
|
|
|a urn:nbn:sk:snk-amybh2
|
| 035 |
|
|
|a urn:nbn:sk:snk-am00c7vc
|
| 040 |
|
|
|a SNK
|b slo
|c SNK
|e AACR2
|
| 041 |
1 |
|
|a fre
|h ger
|
| 044 |
|
|
|a sz
|
| 072 |
|
7 |
|a 821-93
|x Literatúra pre deti a mládež
|2 konspekt
|
| 072 |
|
7 |
|a 821.112.2-3
|x Nemecká próza, nemecky písaná
|2 konspekt
|
| 080 |
|
|
|a 821.112.2-93
|2 snkbuxs
|
| 080 |
|
|
|a 821.112.2-3
|x (0.053.2)
|2 snkbuxs
|
| 100 |
1 |
|
|a Schneider, Antonie,
|d 1954-
|4 aut
|9 237970
|
| 245 |
1 |
0 |
|a Tous les jours comptent jusqu'à Noël
|b 24 histoires de Noël
|c une histoire d'Antonie Schneider ; illustrée par Maja Dusíková et traduite par Katya Barbéry
|
| 260 |
|
|
|a Gossau Zürich
|b Nord-Sud
|c c2004
|
| 300 |
|
|
|a [54] s.
|b fareb. ilustr.
|c 29 cm
|
| 650 |
0 |
7 |
|a autorské rozprávky, nemecké
|2 snkbuxs
|9 63883
|
| 650 |
0 |
7 |
|a vianočné príbehy, nemecké
|2 snkbuxs
|9 369897
|
| 655 |
|
7 |
|a umelecká literatúra
|2 snkph
|9 60405
|
| 700 |
1 |
|
|a Dusíková, Maja,
|d 1946-
|4 ill
|9 194505
|
| 700 |
1 |
|
|a Barbéry, Katya
|4 trl
|9 531802
|
| 852 |
|
|
|a Slovenská národná knižnica
|
| 919 |
|
|
|a 3-314-21749-8
|
| 954 |
|
|
|a beletria cudzojazyčná (svetová)
|2 lita
|
| 958 |
|
|
|a ZS
|
| 958 |
|
|
|a LX
|
| 958 |
|
|
|a DB
|
| 958 |
|
|
|a DE
|
| 958 |
|
|
|a UP
|
| 999 |
|
|
|c 820552
|d 822482
|
| 952 |
|
|
|a SNK
|b SNK
|y PREZ
|7 0
|p 17A0484849
|o snkSB 71108
|i snk2005/16818
|8 2
|g 33.53
|0 0
|1 0
|4 0
|d 2005-08-18
|f 1
|l 0
|r 2025-04-23 00:00:00
|w 2026-02-24
|